The signature of all things [Large Print] / ... Read More
Available copies
- 0 of 1 copy available at LARL/NWRL Consortium.
- 0 of 1 copy available at Lake Agassiz Regional Library. (Show preferred library)
Current holds
0 current holds with 1 total copy.
View other formats and editions
Show Only Available Copies
| Location | Call Number / Copy Notes | Barcode | Shelving Location | Status | Due Date |
|---|---|---|---|---|---|
| Moorhead Public Library | LARGE PRINT GIL (Text) | 33500011771821 | Main | Checked out | 05/31/2026 |
Record details
- ISBN: 9781410461414 (large print : hardcover : alkaline paper)
- ISBN: 1410461416 (large print : hardcover : alkaline paper)
- Physical Description: 883 pages (large print) ; 23 cm.
- Edition: Large print edition.
- Publisher: Waterville, Maine : Thorndike Press, A part of Gale, Cengage learning, 2013.
Content descriptions
| Summary, etc.: | Henry Whittaker is a poor-born Englishman who ... Read More |
Search for related items by subject
| Subject: | Women botanists > Fiction. Painters > Fiction. Enlightenment > Fiction. Industrial revolution > Fiction. Large type books. |
| Genre: | Historical fiction. |
| LDR | 02427cam a2200445 i 4500 | ||
|---|---|---|---|
| 001 | 160018 | ||
| 003 | LARL_NWRL_CONSORTIUM | ||
| 005 | 20131217153325.0 | ||
| 008 | 130808s2013 meu d 000 1 eng | ||
| 010 | . | ‡a2013032198 | |
| 019 | . | ‡a854610181 | |
| 020 | . | ‡a9781410461414 (large print : hardcover : alkaline paper) | |
| 020 | . | ‡a1410461416 (large print : hardcover : alkaline paper) | |
| 035 | . | ‡a(OCoLC)855491802 ‡z(OCoLC)854610181 | |
| 040 | . | ‡aDLC ‡beng ‡erda ‡cDLC ‡dOCLCO ‡dBTCTA ‡dOJ4 ‡dNDS ‡dVP@ | |
| 042 | . | ‡apcc | |
| 043 | . | ‡an-us--- | |
| 050 | 1 | 0. | ‡aPS3557.I3415 ‡bS54 2013b |
| 082 | 0 | 0. | ‡a813/.54 ‡223 |
| 100 | 1 | . | ‡aGilbert, Elizabeth, ‡d1969- ‡0(LARL_NWRL_CONSORTIUM)123621 |
| 245 | 1 | 4. | ‡aThe signature of all things ‡h[Large Print] / ‡cElizabeth Gilbert. |
| 250 | . | ‡aLarge print edition. | |
| 260 | . | ‡aWaterville, Maine : ‡bThorndike Press, A part of Gale, Cengage learning, ‡c2013. | |
| 300 | . | ‡a883 pages (large print) ; ‡c23 cm. | |
| 336 | . | ‡atext ‡2rdacontent | |
| 337 | . | ‡aunmediated ‡2rdamedia | |
| 338 | . | ‡avolume ‡2rdacarrier | |
| 520 | . | ‡aHenry Whittaker is a poor-born Englishman who makes a great fortune in the South American quinine trade, eventually becoming the richest man in Philadelphia. Born in 1800, Henry's daughter, Alma, inherits both his money and his brilliant mind, ultimately becoming a botanist of considerable gifts. As Alma's research takes her deeper into the mysteries of evolution, she falls in love with a man named Ambrose Pike who makes incomparable paintings of orchids and who draws her in the exact opposite direction -- into the realm of the spiritual, the divine, and the magical. Alma is a clear-minded scientist, Ambrose a utopian artist, but what unites this unlikely couple is a desperate need to understand the workings of this world and the mechanisms behind all life. | |
| 650 | 0. | ‡aWomen botanists ‡vFiction. | |
| 650 | 0. | ‡aPainters ‡vFiction. ‡0(LARL_NWRL_CONSORTIUM)166537 | |
| 650 | 0. | ‡aEnlightenment ‡vFiction. | |
| 650 | 0. | ‡aIndustrial revolution ‡vFiction. | |
| 650 | 0. | ‡aLarge type books. ‡0(LARL_NWRL_CONSORTIUM)24284 | |
| 655 | 7. | ‡aHistorical fiction. ‡2gsafd | |
| 948 | . | ‡hNO HOLDINGS IN LAL - 448 OTHER HOLDINGS | |
| 994 | . | ‡aZ0 ‡bLAL | |
| 901 | . | ‡a160018 ‡bOCLC ‡c160018 ‡tbiblio | |

Add to basket
Permalink
Enable Highlighting